| 000 | 01430nam a2200361 c 4500 | ||
|---|---|---|---|
| 999 |
_c203738 _d203738 |
||
| 003 | BLK | ||
| 005 | 20220510110534.0 | ||
| 008 | 180411b bul|||||r ||||||| ||bul|| | ||
| 010 | _aKNG00213278000 | ||
| 020 | _a978-954-655-790-2 | ||
| 040 | _aBLK | ||
| 041 |
_aBUL _cBUL |
||
| 072 | 7 |
_2bullib _aН83 _xЧужда художествена литература Н |
|
| 080 |
_aАмериканска литература (на САЩ) _b821.111(73) _x-312.4 _z821.111(73)-312.4 |
||
| 100 | 1 |
_aДемил, Нелсън _eпърви автор _959765 |
|
| 139 |
_aДемил, Нелсън _bД 40 |
||
| 245 | 1 | 0 |
_aКубинската афера _bРоман _cНелсън Демил; прев. от англ. Крум Ернстов Бъчваров. |
| 257 | _aUSA | ||
| 260 |
_bБард _c2017 _fСофия : Алианс принт |
||
| 300 |
_a464 с. _c21 см |
||
| 380 | _aX | ||
| 490 | 1 | _aКралете на трилъра | |
| 500 | _aОриг. загл. The Cuban Affair / Nelson DeMille. - За автора. | ||
| 653 | _aтрилъри | ||
| 653 | _aромани | ||
| 659 | _aН | ||
| 700 | 1 |
_aБъчваров, Крум Ернстов _eпрев. от англ. _9365175 |
|
| 852 | _aЦб 287578 | ||
| 856 | 4 | _qpdf | |
| 856 | 4 | _qpdf | |
| 942 |
_cKNG _n0 _051 |
||
| 944 |
_aCR _c16.10.2017 _lф / _kВиолета_Тройчева |
||
| 944 |
_aED _c27.10.2017 _lф / _kЛюдмила_Стоянова |
||
| 999 | _d203738 | ||